Từ điển hàng không tiếng Nga

Sparad:
Bibliografiska uppgifter
Materialtyp: Bok
Språk:Vietnamese
Publicerad: American : MOCKBA , 1964
Upplaga:In lần thứ 1
Ämnen:
Taggar: Lägg till en tagg
Inga taggar, Lägg till första taggen!
Thư viện lưu trữ: Thư viện Trường CĐ Kỹ Thuật Cao Thắng
LEADER 00637nam a2200193 a 4500
001 TVCDKTCT67
003 Thư viện trường Cao đẳng Kỹ thuật Cao Thắng
005 20050729000000
008 050729
980 \ \ |a Thư viện Trường CĐ Kỹ Thuật Cao Thắng 
024 |a RG_1 #1 eb0 i4 
041 0 # |a vie 
082 # # |a 387.03 /   |b T550N 
245 0 0 |a Từ điển hàng không tiếng Nga 
246 0 1 |a Từ điển hàng không tiếng Nga 
250 # # |a In lần thứ 1 
260 # # |a American :  |b MOCKBA ,  |c 1964 
300 # # |a 454tr. ;  |c 24cm 
650 # 4 |a Hàng không-Từ điển-Tiếng Nga